| 000 | 01041nam a2200205Ia 4500 | ||
|---|---|---|---|
| 001 | b6149-43066 | ||
| 003 | IT-MiCISF | ||
| 008 | 161014s9999||||xx |||||||||||||| ||und|| | ||
| 040 |
_aIT-MiCISF _cIT-MiCISF |
||
| 041 | _ait | ||
| 100 | _aBuckingham David | ||
| 245 | 0 |
_aMedia Education _bAlfabetizzazione, apprendimento e cultura contemporanea |
|
| 250 | _a1a ed. | ||
| 260 |
_a Gardolo (TN) _bErickson _c2006 [Edizione originale: 2003] |
||
| 300 | _app. 229 | ||
| 500 | _a / massmedia, educazione, apprendimento, scuola / Questo libro offre a insegnanti ed educatori un ampio ventaglio di spunti pedagogici, sia teorici che di applicazione didattica, sulla funzione e sulle modalità di un apprendimento critico e consapevole dei media. L'A. indaga i rapporti tra infanzia e media e il ruolo dell'educazione ai media, il tutto alla luce della continua evoluzione dei mezzi di comunicazione e delle tecnologie digitali. | ||
| 650 |
_a Genitorialità e problemi educativi / educazione _e004 |
||
| 942 | _cBK | ||
| 957 | _71 | ||
| 999 |
_a43066 _bsi _g1 _c210923 _d210923 |
||